Online katalóg knižníc regiónu Turca

Liečenie duševnými procesmi (Record no. 22981)

MARC details
000 -LEADER
fixed length control field 00911nam a2200289 a 4500
001 - CONTROL NUMBER
control field 22981
003 - CONTROL NUMBER IDENTIFIER
control field SK-KTurca
005 - DATE AND TIME OF LATEST TRANSACTION
control field 20260513094823.0
008 - FIXED-LENGTH DATA ELEMENTS--GENERAL INFORMATION
fixed length control field 250414s1992 xo 0 slo
015 ## - NATIONAL BIBLIOGRAPHY NUMBER
National bibliography number SNBA1992/10
020 ## - INTERNATIONAL STANDARD BOOK NUMBER
International Standard Book Number 8090049265
035 ## - SYSTEM CONTROL NUMBER
System control number SNK000012056
040 ## - CATALOGING SOURCE
Original cataloging agency SNK
Language of cataloging slo
Transcribing agency SNK
Description conventions AACR2
041 0# - LANGUAGE CODE
Language code of text/sound track or separate title slo
044 ## - COUNTRY OF PUBLISHING/PRODUCING ENTITY CODE
MARC country code xo
ISO country code SK
080 ## - UNIVERSAL DECIMAL CLASSIFICATION NUMBER
Universal Decimal Classification number 615.85/.86(035)
Edition identifier 1981
100 1# - MAIN ENTRY--PERSONAL NAME
Personal name Tepperwein, Kurt,
Dates associated with a name 1932-
Relationship aut
245 10 - TITLE STATEMENT
Title Liečenie duševnými procesmi
Remainder of title Psychokybernetikou za zdravím a šťastím
Statement of responsibility, etc. Kurt Tepperwein ; Helena Třísková, Ľudovít Varga
250 ## - EDITION STATEMENT
Edition statement 1. vyd.
260 ## - PUBLICATION, DISTRIBUTION, ETC.
Place of publication, distribution, etc. Šamorín
Name of publisher, distributor, etc. FONTANA Kiadó, s. r.o.
Date of publication, distribution, etc. 1992
Place of manufacture Bratislava
Manufacturer Danubiaprint
300 ## - PHYSICAL DESCRIPTION
Extent 192 s.
Dimensions 20 cm
700 1# - ADDED ENTRY--PERSONAL NAME
Personal name Třísková, Helena
Relationship trl
700 1# - ADDED ENTRY--PERSONAL NAME
Personal name Varga, Ľudovít
Relationship bkd
942 ## - ADDED ENTRY ELEMENTS (KOHA)
Source of classification or shelving scheme Dewey Decimal Classification
Koha item type Odborná literatúra pre dospelých
Suppress in OPAC No
Holdings
Stav vyradenia Strata Poškodenie Spôsob nadobudnutia Domovská knižnica Aktuálna knižnica Dátum nadobudnutia Total checkouts Čiarový kód exemplára Date last seen Typ exemplára
      Dar Obecná knižnica Turčianska Štiavnička Obecná knižnica Turčianska Štiavnička 13.05.2026   4738001281 13.05.2026 Odborná literatúra pre dospelých
Projekt je podporený Slovenskou asociáciou knižníc
Prevádzkuje Turčianska knižnica Martin 2026